| 000 | 00666nam a22001577a 4500 | ||
|---|---|---|---|
| 999 |
_c12409 _d12409 |
||
| 008 | 190125b ||||| |||| 00| 0 eng d | ||
| 082 |
_21981 _aDFil. 640.49/ _bSu798/ |
||
| 245 |
_aSurvival catalog 2 _cedited by Carmen G. Nakpil |
||
| 260 |
_aManila _bTechnology Resource Center _c©1981 |
||
| 300 |
_a316 pages : _billustrations ; _c23 cm. |
||
| 505 | _aFood--Water--Power--Shelter--Mobility--Economic base--Medical services--Ecological balance--Sports and recreation--Education and technology--Clothing and cottage industries. | ||
| 650 |
_aFood analysis _935021 |
||
| 650 |
_aChemistry _xTechnical _935022 |
||
| 700 |
_aNakpil, Carmen G., _935023 |
||
| 942 |
_2ddc _cDFIL |
||